LEADER 01595nam a2200337 u 4500 001 000000024224 003 CaOOAMICUS 005 20070226111328.0 008 950517s1974 it u000 u ger u 035 $a10612877 040 $aBAV-R2$bita 100 1 $aMiyoshi, Michi,$cS.V.D.$0(OLS)http://pul/name/20281 245 14$aDer Anfang des Reiseberichts Lk 9,51-10,24 :$beine redaktionsgeschichtliche Untersuchung /$cMichi Miyoshi, S.V.D. 260 $aRome :$bBiblical Institute Press,$c1974. 300 $ax, 176 p. ;$c24 cm 490 1 $aAnalecta biblica ;$v60 500 $aComprende indici. 502 $aDiss. -- Pontificio Istituto Biblico (Roma), 1973. 504 $aBibliografia: p. [160]-166. 630 04$aBiblia.$pN.T.$pLucas.$nIX, 51-X, 24$xCritica e interpretazione.$0(OLS)http://pul/subject/37895 710 2 $aPontificio istituto biblico.$0(OLS)http://pul/name/471 830 0$aAnalecta biblica ;$v60.$0(OLS)http://pul/title/100 850 $aPUL 852 $aPUL$W1$xSL Religione 1$y3$m10(4) A 60$j33933$nBK-PRI$b $qStampati$B33933$CPULBib$Z2$F33933 $H $81 852 $aPUL$W1$xDP1 Tesi Pon. Ist. Biblico$y33$mTH BIB 84$j180860$qTesi$B183983$CPULBib$Z2$F183983 $H40862 $82 910 $aPontificium institutm biblicum$9471 941 1 $a8 941 1 $a16 961 $aINV: 40730 996 $6245$aDer Anfang des Reiseberichts Lk 9,51-10,24 :$beine redaktionsgeschichtliche Untersuchung$9(OLS)http://pul/title/33571 996 $6260$aRome :$bBiblical Institute Press$9(OLS)http://pul/publisher/48224 LEADER 01421nam a2200301 u 4500 001 000000055125 003 CaOOAMICUS 005 20070226115741.0 008 010116s1971 it u000 u ita u 035 $a10865596 040 $aPUL(R)$bita 041 0 $aita$alat 245 00$aDei verbum :$bgenesi della costituzione della Divina Rivelazione : schemi annotati in sinossi /$ca cura di Luciano Pacomio. 260 $aCasale Monferrato :$bMarietti,$c1971. 300 $a174 p. ;$c19 cm 500 $aContiene indici. 504 $aBibliografia in nota. 611 24$aConcilium Vaticanum$n(2 :$d1962-1965)$tDei Verbum.$0(OLS)http://pul/subject/34558 650 4$aRivelazione.$0(OLS)http://pul/subject/3064 700 1 $aPacomio, Luciano,$cVescovo di Mondovì,$d1941 -$0(OLS)http://pul/name/5936 850 $aPUL 852 $aPUL$W1$xDP1 Fondo Giannini$y60$m1559 G 13$j72539$nBK-PRI$b $qFondi$B72539$CPULBib$Z2$F72539 $H $81 941 1 $a1 960 $aConcilium Vaticanum$n(2 :$d1962-1965)$tConstitutio dogmatica de divina revelatione$934558 960 $aConcilium Vaticanum$n(2 :$d1962-1965)$tConstitutio Dei Verbum$934558 961 $aINV: F; Giannini 996 $6245$aDei verbum :$bgenesi della costituzione della Divina Rivelazione : schemi annotati in sinossi$9(OLS)http://pul/title/73855 996 $6260$aCasale Monferrato :$bMarietti$9(OLS)http://pul/publisher/49070